000 00535nam a2200181Ia 4500
005 20250603145414.0
008 250603s9999 xx 000 0 und d
020 _a9780367174859
050 _aR 857 .N34 .N36/
100 _aEdited by Gomathi, Thandapani ; Sudha, P. N. and Thomas, Sabu
245 0 _aNanobiomaterials : research trends and applications
260 _aBoca Raton
260 _bCRC Press/Taylor & Francis Group
260 _c2024
300 _aviii, 326 p. : ill. ; 21 cm.
650 _aBoca Raton
942 _cBK
999 _c41762
_d41762